| 000 | 01292naa a22003377a 4500 | ||
|---|---|---|---|
| 001 | BR7000253 | ||
| 003 | BR-BrBNA | ||
| 005 | 20240918173357.0 | ||
| 007 | ta | ||
| 008 | 230509b bl.||||| |||| 00| 0 por d | ||
| 040 |
_aBR-BrBNA _bpor _cBiblioteca Nacional de Agricultura |
||
| 041 | _a(Pt) | ||
| 072 |
_aL36; L30 _b5300 _b0120 _b0170 _bG514 |
||
| 090 | _aL36 BR7000253 | ||
| 100 | 1 | _aCastro Junior, F.G. (Comp.) | |
| 111 | 1 |
_a4. Seminario Nacional do Porco Carne _cFlorianopolis, SC (Brazil) _d9 Sep 1970 |
|
| 245 | 1 | _aEstudo comparativo do milho e do sorgo suplementados com proteina de origem animal ou vegetal para suinos em crescimento e terminacao [Nutricao animal; Composicao de Alimento; Sao Paulo; Brasil] | |
| 260 | 3 |
_aFlorianopolis, SC (Brasil): _c1970. |
|
| 500 | _aAnais. 4. Seminario Nacional do Porco Carne Florianopolis, SC (Brasil): 1970. p. 128-129 (BR7000253-AM)L36 | ||
| 650 | _aNutricao animal | ||
| 650 | _aComposicao de alimento | ||
| 650 | _aMilho | ||
| 650 | _aSorgo | ||
| 650 | _aSuino | ||
| 650 | _aCrescimento | ||
| 650 | _aProteina | ||
| 650 | _aSao PAULO | ||
| 773 | 0 |
_tAnais. 4. Seminario Nacional do Porco Carne _wL36 BR7000253 _gFlorianopolis, SC (Brasil), 1970. p. 128-129 |
|
| 909 |
_a202404 _bLucia _c55 _dLucia Elande |
||
| 942 |
_cAM _2AGRIS |
||
| 999 |
_c304275 _d304275 |
||